Statistics for Пост-апокалиптические произведения

Click here to take the quiz!

General Stats

  • This quiz has been taken 7 times
  • The average score is 9 of 16

Answer Stats

Answer% Correct
The Last of Us
100%
Ходячие мертвецы
83%
Метро 2033
83%
Fallout
83%
Безумный Макс
67%
Я - легенда
67%
Death Stranding
67%
Дорога
50%
Письма мёртвого человека
33%
Шестиструнный самурай
33%
Разделитель
33%
Парень и его пёс
33%
Босоногий Гэн
33%
Будет ласковый дождь
33%
Противостояние
33%
Swan Song
33%

Score Distribution

Percentile by Number Answered

Percent of People with Each Score

Your Score History

You have not taken this quiz